Guess the Movie - Minimalistic Pictures #8 - Statistics

General Stats
  • This quiz has been taken 92 times
  • The average score is 10 of 20
Answer Stats
Picture Hint Answer % Correct
1985 Back to the Future
98%
2012 The Hunger Games
89%
1994 The Lion King
82%
2004 Garfield: The Movie
80%
2002 Scooby-Doo
80%
2010 The Last Airbender
73%
2000 Cast Away
72%
1994 Pulp Fiction
67%
2004 Anchorman
54%
1994 Dumb and Dumber
48%
2006 Open Season
46%
1977 Saturday Night Fever
46%
2000 Gladiator
44%
1999 The Sixth Sense
44%
1998 Antz
35%
2007 Surf's Up
23%
2014 Chef
13%
2009 Angels & Demons
11%
1994 Léon: The Professional
5%
2011 The Adjustment Bureau
4%
No matching quizzes found
Score Distribution
Percent of People with Each Score
Percentile by Number Answered
Your Score History
You have not taken this quiz